Entrenamiento de alta intensidad

Uloženo v:
Podrobná bibliografie
Hlavní autor: Cánovas Linares, Ricardo (Autor)
Médium: Kniha
Jazyk:španělština
Vydáno: Barcelona PaidoTribo 2009
Vydání:1a. ed
Témata:
Tagy: Přidat tag
Žádné tagy, Buďte první, kdo vytvoří štítek k tomuto záznamu!

MARC

LEADER 00000nam a2200000 a 4500
001 UCH1894
003 CL-VaPUC
008 090520e20090000SP |||||||||||||||||spa|d
020 |a 9788480196666 
082 0 4 |a 613.71  |b CAN  |2 21 
100 0 |a Cánovas Linares, Ricardo  |e author  |9 536483 
245 1 0 |a Entrenamiento de alta intensidad 
250 |a 1a. ed 
300 |a 239 p 
942 |c BK 
945 |d 20090520 00:00:00  |a rbrito 
260 |a Barcelona  |b PaidoTribo  |c 2009 
650 7 |a ENTRENAMIENTO ATLETICO  |2 CL-VaPUC  |9 536484 
650 0 |a Ejercicios físicos  |9 307296 
650 0 |a Aptitud física   |9 373835 
650 0 |a Músculos  |9 269552 
650 0 |a Deportes  |9 224367 
583 |a last modification  |c 20090520 00:00:00  |k Rodrigo Vera 
999 |c 333788  |d 333786 
952 |0 0  |1 0  |4 0  |6 613_710000000000000_CAN_2009  |7 0  |8 A  |9 422400  |a BIBEDU  |b BIBEDU  |d 2019-11-22  |i 4551842  |o 613.71 CAN 2009  |p 4551842  |r 2019-11-22  |w 2019-11-22  |y BK  |k EFI 
952 |0 0  |1 0  |4 0  |6 613_710000000000000_CAN_2009  |7 0  |8 C  |9 422401  |a BIBCUR  |b BIBCUR  |d 2019-11-22  |i 4712307  |o 613.71 CAN 2009  |p 4712307  |r 2025-04-22  |w 2019-11-22  |y BK  |k DEN